Obscure Trivia #32 - Statistics

General Stats
  • This quiz has been taken 18 times
  • The average score is 5 of 20
Answer Stats
Question Answer % Correct
Rogaine (minoxidil), today prescribed for hair regrowth, was originally developed to treat … hypertension
100%
On 8 March 2024, archaeologists from Necmettin Erbakan University found this at Çatalhöyük, Turkey. 8,600-year-old bread
50%
Netflix was originally named what? Kibble
50%
canine : dog : : fuliguline : ? sea duck
50%
A grognard is an old … soldier
50%
NASA’s SSPICY mission, expected to launch in 2026, is planned to … visit and inspect defunct U.S. satellites
50%
The first 45 RPM vinyl single was pressed in … 1948
25%
What percentage of families owned an automobile, according to the 1950 U.S. census? 60%
25%
United Kingdom : Anglo- : : Croatia : ? Croato-
25%
According to U.S. News & World Report, which U.S. state had the best health care in 2023? Hawaii
25%
Which U.S. President helped others try to put out a fire at the Library of Congress that destroyed 55,000 volumes despite their best efforts? Millard Fillmore
25%
Which type of location is always an exemption to the smoking prohibition ordinance of Tyler, Texas? Retail tobacco stores
25%
The unincorporated community of Sweet Lips is located in which U.S. state? Tennessee
25%
According to the Centers for Disease Control (CDC) 2023 National Health Interview Survey, about what percentage of Americans reported experiencing chronic pain? 24.5%
0%
Which statement about aardvarks is true? Aardvarks are the only extant species belonging to family Tubulidentata.
0%
A group of hedgehogs is known as … an array
0%
U.S. News & World Report rated this country #1 for climate in 2023. Greece
0%
What do you fear if you live with allodoxaphobia? Other people’s opinions
0%
15-year-old Cillian O'Connor of County Meath, Ireland, recently set a world record in his class by … performing 28 magic tricks in one minute
0%
Caricology is the scientific study of … sedges
0%
No matching quizzes found
Score Distribution
Percent of People with Each Score
Percentile by Number Answered
Your Score History
You have not taken this quiz